000 00557nam a2200229Ia 4500
003 OSt
005 20220926034916.0
006 a|||||r|||| 00| 0
007 ta
008 220923b |||||||| |||| 00| 0 eng d
037 _cGeneral Book
040 _aRTL
_cRTL
_beng
041 _2eng
_aeng
082 _aX:329, H6
100 _aDobb Maurice
245 0 _aWages
260 _c1946
490 _aCambridge Economic Handbooks, 4
650 _aWages
_9229845
942 _hX:329, H6
_cGB
_2CC
999 _c660744
_d660744